| 000 | 00841nam a22002657a 4500 | ||
|---|---|---|---|
| 005 | 20141002135559.0 | ||
| 008 | 141002s2014 ii a frb 001 0 eng d | ||
| 020 | _a9788122436235 | ||
| 040 | _aEG-ScBUE | ||
| 082 | 0 | 0 |
_222 _a001.42 _bKOT |
| 100 | 1 |
_936150 _aKothari, C. R. |
|
| 245 | 1 | 0 |
_aResearch methodology : _bmethods and techniques / _cC. R. Kothari, Gaurav Garg. |
| 250 | _a3rd ed. | ||
| 260 |
_aNew Delhi : _bNew Age International (P) Ltd., Publishers, _c2014 _f(Ajit Printers) |
||
| 300 |
_axx, 449 p. : _bill. ; _c24 cm. |
||
| 490 | 0 | _aNew Age | |
| 500 | _aIncludes appendix. | ||
| 500 | _aIndex : p. 446-449. | ||
| 504 | _aBibliography : p. 441-445. | ||
| 650 | 0 |
_927690 _aResearch _xMethodology |
|
| 653 |
_bPPhrm _cOctober2014 |
||
| 655 |
_vtext book _933728 |
||
| 700 | 1 |
_936151 _aGarg, Gaurav |
|
| 942 |
_2ddc _k001.42 KOT |
||
| 999 |
_c18432 _d18404 |
||